000 01378nac a22004217a 4500
001 BR9800419
003 BR-BrBNA
005 20240105122008.0
008 230509b bl.|||m| |||| 00| 0 por d
040 _aBR-BrBNA
_bpor
_cBiblioteca Nacional de Agricultura
072 _aF30
090 _a1000 BR9800419
100 1 _aSoares Filho, W. dos S.
100 1 _aVilarinhos, A.L.
100 1 _aCunha Sobrinho, A.P. da
100 1 _aOliveira, A.A.R. de
100 1 _aSouza, A. da S.
100 1 _aCruz, J.L.
100 1 _aMorais, L.S.
100 1 _aCastro Neto, M.T. de
100 1 _aGuerra Filho, M. dos S.
100 1 _aCunha, M.A.P. da
100 1 _aPassos, O.S.
100 1 _aMeissner Filho, P.E.
100 1 _aOliveira, R.P. de
110 1 _aCentro Nacional de Pesquisa de Mandioca e Fruticultura, Cruz das Almas, BA (Brasil)
_91783
245 1 _aPrograma de melhoramento genetico de citros da EMBRAPA-CNPMF: obtencao de hibridos
260 3 _aCruz das Almas, BA (Brasil):
_c1997.
300 _a17 p.
490 _aDocumentos - Centro Nacional de Pesquisa de Mandioca e Fruticultura (Brazil)
_vno. 74
_xISSN 0101-5171
500 _a32 p.
650 _aFruta Citrica
650 _aHibrido
650 _aMelhoramento Genetico Vegetal
650 _aSelecao Genetica
909 _a202312
_bLúcia Elande
_c55
_dLúcia Elande
942 _2AGRIS
_n0
_cMS
999 _c288637
_d288637